Harry Potter: le Magicobus - Statistiques

Statistiques générales
  • Ce quiz a été pris 90 fois
  • Le résultat moyen est 6 sur 10
Statistiques - réponses
Information Réponse % Correct
Première apparition Harry Potter et le prisonnier d'Azkaban
97%
Nombre d'étages 3
96%
Dernière mention Harry Potter et les Reliques de la Mort
91%
Contrôleur Stan Rocade
87%
Derniere apparition Harry Potter et l'Ordre du Phénix
84%
Conducteur Ernie Danlmur
74%
Utilisation Transport
70%
Seul endroit où il ne peut pas se rendre Sous l'eau
24%
Date de création 1865
9%
Hauteur 6m60
4%
Aucun quiz correspondant
Distribution des résultats
% des personnes avec chaque résultat
Percentile par nombre de réponses
Votre historique - résultats
Vous n’avez pas pris ce quiz